| 000 | 00477nam a2200169Ia 4500 | ||
|---|---|---|---|
| 008 | 210719s2003 xx 000 0 und d | ||
| 020 | _a81-7371-444-4 | ||
| 041 | _aeng | ||
| 082 | _a510KAK GARG | ||
| 100 | _aGARDNER (Martin) | ||
| 245 | _aGardner's workout: training the mind and entertaining the spirit. | ||
| 260 |
_aHyderabad _bUniversities Press _c2003 |
||
| 300 |
_axi,319 _bPB |
||
| 365 |
_b195 _cRs |
||
| 650 | _aMathematics | ||
| 906 | _aMathematical Games Puzzles | ||
| 999 |
_c213809 _d213809 |
||